Wird geladen...
History of Bengali Literature
| 1. Verfasser: | |
|---|---|
| Format: | Printed Book |
| Sprache: | English |
| Veröffentlicht: |
New Delhi
Sahitya Akademi
1960
|
| LEADER | 00457nam a2200121Ia 4500 | ||
|---|---|---|---|
| 008 | 111205s9999 xx 000 0 eng d | ||
| 100 | |a Sukumar Sen | ||
| 245 | |a History of Bengali Literature |c Sukumar Sen | ||
| 260 | |b Sahitya Akademi |a New Delhi |c 1960 | ||
| 300 | |a 394 | ||
| 942 | |c BK | ||
| 999 | |c 217469 |d 217469 | ||
| 952 | |0 0 |1 0 |2 ddc |4 0 |6 E_891_440000000000000_9_SEN_H |7 0 |9 240363 |a MAL |b MAL |c ST1 |d 1972-09-19 |g 10.00 |l 0 |o E 891.440 9 SEN/H |p MAL11091 |r 2011-12-05 |v 10.00 |w 2011-12-05 |y BK | ||